Classic hits by lyrics #2 - Statistics

General Stats
  • This quiz has been taken 33 times
  • The average score is 10 of 20
Answer Stats
Hint Answer % Correct
Almost heaven, West Virginia Blue Ridge Mountains, Shenandoah River Country roads
90%
Long long time ago, I can still remember How that music used to make me smile American pie
87%
Young man, there's no need to feel down I said, young man, pick yourself off the ground YMCA
87%
I got my first real six-string
Bought it at the five and dime
Summer of '69
80%
Rising up, back on the street Did my time, took my chances Eye of the tiger
77%
Just a small town girl Livin' in a lonely world Don't stop believin'
73%
I see trees so green, red roses too I see them bloom for me and you. What a wonderful world
73%
Well, you can tell by the way I use my walk I'm a woman's man, no time to talk Stayin' alive
63%
I hear the drums echoing tonight But she hears only whispers of some quiet conversation Africa
57%
We're no strangers to love You know the rules and so do I Never gonna give you up
47%
Where it began, I can't begin to knowing But then I know it's growing strong Sweet Caroline
43%
Woah, my love, my darling I've hungered for your touch Unchained melody
40%
You could never know what it's like Your blood like winter freezes just like ice I'm still standing
33%
Hey, where did we go? Days when the rains came Brown eyed girl
30%
I hear the train a comin'It's rolling 'round the bend Folsom prison blues
27%
Life's like a road that you travel on When there's one day here, and the next day gone Life is a highway
23%
Didn't know what time it was The lights were low, oh, oh Starman
23%
We're talking away, I don't know whatI'm to say, I'll say it anyway Take on me
20%
We're leavin' together But still it's farewell The final countdown
17%
When I look into your eyes I can see a love restrained November rain
13%
No matching quizzes found
Score Distribution
Percent of People with Each Score
Percentile by Number Answered
Your Score History
You have not taken this quiz